| 000 | 00857nam a2200217 a 4500 | ||
|---|---|---|---|
| 001 | 000022587 | ||
| 005 | 20200930021704.0 | ||
| 008 | 101013s1986 dr 000 0 spa d | ||
| 040 |
_aDO-SdBNP _bspa _cBNPHU |
||
| 082 |
_a324.97293 _bC196h, 1986 |
||
| 100 | 1 |
_aCampillo Pérez, Julio G. _931026 |
|
| 245 | 1 | 0 |
_aHistoria electoral dominicana 1848-1986 : _bel grillo y el ruiseñor / _cJulio G. Campillo Pérez ; presentación Caonabo Fernández Naranjo. |
| 250 | _a4a ed. | ||
| 260 |
_aSanto Domingo : _bJunta Central Electoral, _c1986. |
||
| 300 |
_a627 p. ; _c24 cm. |
||
| 590 | _aInventariado, 2018/BT | ||
| 650 | 4 |
_aElecciones _zRepública Dominicana _xHistoria _y1848-1986 _946485 |
|
| 650 | 4 |
_aPresidentes _zRepública Dominicana _xHistoria _y1848-1986 _946486 |
|
| 700 | 1 | 2 |
_aFernández Naranjo, Caonabo _946487 |
| 910 | _aValidado. Control de calidad. MFF | ||
| 999 |
_c22084 _d22084 |
||